000 00737nas a2200253 4500
001 BR2011000319
003 BR-BrBNA
005 20231205114412.0
007 ta
008 230509b bl.|||p| |||| 00| 00por d
040 _aBR-BrBNA
_bpor
_cBiblioteca Nacional de Agricultura
041 _a(En)
072 _aH50
100 1 _aCruz, R.P. da
100 1 _aDuarte, I.T. de L.
100 1 _aCabreira, C.
245 1 _aInheritance of rice cold tolerance at the seedling stage
650 _aARROZ
650 _aVARIEDADE RESISTENTE
650 _aFRIO
773 0 _tScientia Agricola (Brazil)
_xISSN 0103-9016
_g(Nov-Dec 2010), v. 67(6) p. 669-674
_wBR2011000319
909 _a202311
_bLúcia
_c55
_dLúcia Elande
942 _2AGRIS
_n0
_cANA
999 _c208605
_d208605